[Event "SD-2015-0-00242"]
[Site "LSS email"]
[Date "2015.11.22"]
[Round "?"]
[White "Metz, Larry R"]
[Black "Berk, Julian"]
[Result "0-1"]
[WhiteElo "1558"]
[BlackElo "1955"]
[PlyCount "148"]
[EventDate "2015.09.22"]
[EventType "tourn (corr)"]
[EventRounds "6"]
[EventCountry "GER"]
[SourceTitle "Corr 2022"]
[Source "ChessBase"]
[SourceDate "2021.10.24"]
[SourceVersion "1"]
[SourceVersionDate "2021.10.24"]
[SourceQuality "1"]

1. e4 c5 2. Nf3 e6 3. d4 cxd4 4. Nxd4 a6 5. Nc3 Qc7 6. Qf3 Nc6 7. Nxc6 bxc6 8. Bf4 e5 9. Be3 Nf6 10. Qg3 Rb8 11. 0-0-0 Be7 12. Be2 0-0 13. Bh6 Ne8 14. Kb1 f5 15. f4 Qa5 16. Bg5 Bxg5 17. fxg5 f4 18. Qe1 Qb4 19. b3 d6 20. Kb2 Be6 21. Qd2 a5 22. a3 Qb7 23. Rhf1 Qa7 24. Rf3 Kh8 25. g3 Bg4 26. Rd3 Bxe2 27. Qxe2 a4 28. Rf3 axb3 29. cxb3 Qf7 30. Qc2 Qh5 31. Rdf1 Qxg5 32. gxf4 exf4 33. Qf2 Qe7 34. Rxf4 Nf6 35. b4 Rg8 36. h4 Nd7 37. Rf7 Qe8 38. Qa7 Ne5 39. Re7 Qc8 40. Rf5 c5 41. Rc7 Qd8 42. Rxe5 cxb4 43. Ree7 bxc3+ 44. Kxc3 Qf8 45. Rf7 Qe8 46. Qd4 Qb5 47. Kd2 Qb1 48. Rc2 Qh1 49. Qf2 Qxe4 50. Rf4 Qd5+ 51. Qd4 Qh1 52. Rg4 Qh2+ 53. Kc1 Qh3 54. Kd2 Qxa3 55. Qa4 Qf3 56. Qf4 Qd5+ 57. Qd4 Qa5+ 58. Ke2 Qf5 59. Kd2 Rb1 60. Rg5 Qh3 61. Rc1 Qh2+ 62. Kd1 Rxc1+ 63. Kxc1 Rc8+ 64. Kd1 Qc2+ 65. Ke1 Re8+ 66. Kf1 Qc1+ 67. Kf2 Qe1+ 68. Kf3 Qe2+ 69. Kg3 Re3+ 70. Qxe3 Qxe3+ 71. Kg2 d5 72. Rg4 h5 73. Rg5 Qe2+ 74. Kh1 d4 0-1

[Event "SD-2015-0-00242"]
[Site "LSS email"]
[Date "2015.11.22"]
[Round "?"]
[White "Metz, Larry R"]
[Black "Dlugolecki, Grzegorz"]
[Result "1-0"]
[WhiteElo "1558"]
[BlackElo "1687"]
[PlyCount "25"]
[EventDate "2015.09.22"]
[EventType "tourn (corr)"]
[EventRounds "6"]
[EventCountry "GER"]
[SourceTitle "Corr 2022"]
[Source "ChessBase"]
[SourceDate "2021.10.24"]
[SourceVersion "1"]
[SourceVersionDate "2021.10.24"]
[SourceQuality "1"]

1. e4 e5 2. Nf3 Nc6 3. Bb5 a6 4. Bxc6 dxc6 5. 0-0 Bg4 6. h3 Bh5 7. g4 Bg6 8. Nxe5 Qh4 9. Qf3 f6 10. Nxg6 hxg6 11. d4 0-0-0 12. Be3 Qxh3 13. Qxh3 1-0